01248cam a22002414a 4500001000500000005001700005020001500022040002300037050002300060082001200083100002000095245003800115250006600153260004100219300005900260505000800319520051500327521003000842521002000872650003800892650003200930650004400962356020250521094236.0 a0769633765 aDLCcDLCdDLCbeng00aTH9372.S745b 200400a629.2251 aStickland, Paul10aSpecial engines /cPaul Stickland aThis edtion published in the United States of America in 2004 aColubus : bWaterbird Books , c2004 a24 unnumbered pages : bcolor illustrations ; c21 cm. aH  aPerfect for children who are fascinated by vehicles!Children who are interested in all kinds of vehicles will enjoy the Working Wheels series. The Working Wheels titles detail a variety of "on-the-job" vehicles, such as ambulances, moving vans, tractors, and construction trucks. A simple definition and colorful illustration introduce each vehicle, followed by explanations of unique features and uses. The Working Wheels series is perfect for enjoying at home and for enhancing concepts learned at preschool! a430 bLexile estimate  aH bRaz-Plus  0aFire enginesvJuvenile literature 0aTrucksvJuvenile literature 0aEmergency vehiclesvJuvenile literature